Principles of microbiology

Bibliographic Details
Main Author: Atlas, Ronald M. , 1946- (Author)
Format: Book
Published: Dubuque, Iowa : Wm. C. Brown , c1997
Edition:2nd ed.
Subjects:

MARC

LEADER 00000cam a2200000 7i4500
001 0000008275
005 20161017093000.0
008 021119n
020 |a 0815108893 
090 0 0 |a QR41.2   |b .A843 1997 
100 0 |a Atlas, Ronald M. ,   |d 1946- ,   |e author 
245 0 0 |a Principles of microbiology   |c Ronald M. Atlas 
250 |a 2nd ed. 
260 2 |a Dubuque, Iowa :   |b Wm. C. Brown ,   |c c1997 
300 |a xxix, 1298 p. :   |b col. ill. ; ;   |c 29 cm. 
504 |a Includes bibliographical references and index 
650 0 |a Microbiology 
999 |a 1000073191   |b Book   |c OPEN SHELF (30 DAYS)   |e Tembila Campus